000 00801nam a2200241Ia 4500
003 OSt
005 20220923213342.0
006 a|||||r|||| 00| 0
007 ta
008 220922b |||||||| |||| 00| 0 hin d
024 _a161,044
037 _cTextual
040 _aARTS
_cARTS
_bhin
041 _2hin
_ahin
082 _aO152:3:90S, K3
100 _aमेहता, कमलिनी
_9156318
245 0 _aनाटक के तत्व
_b मनोविज्ञानिक अध्ययन
246 _aNāṭak ke tatva: hinovijnyānik adhyayana
260 _c1963
490 _aनागरीप्रचारिणी ग्रंथमाला; 56
942 _hO152:3:90S, K3
_cTEXL
_2CC
999 _c315716
_d315716